Conical refraction and higher microlocalization

Αποθηκεύτηκε σε:
Λεπτομέρειες βιβλιογραφικής εγγραφής
Κύριος συγγραφέας: Liess, Otto 1945-
Μορφή: Βιβλίο
Γλώσσα:English
Δημοσίευση: Berlin ; New York : Springer-Verlag, c1993
Σειρά:Lecture notes in mathematics (Springer-Verlag) ; 1555
Θέματα:
Ετικέτες: Προσθήκη ετικέτας
Δεν υπάρχουν, Καταχωρήστε ετικέτα πρώτοι!

MARC

LEADER 00000cam a2200000 i 4500
001 1/30358
008 960705s1993 eng d
020 |a 3540571051 
020 |a 0387571051 
035 |l 10038549 
035 |a 1993 
040 |a GR-MY-UA  |b gre  |e aacr 
041 0 |a eng 
082 0 |a 515.353  |2 (20) 
100 1 |a Liess, Otto  |d 1945- 
245 1 0 |a Conical refraction and higher microlocalization /  |c Otto Liess 
260 |a Berlin ; New York :   |b Springer-Verlag,   |c c1993 
300 |a x, 389 p.;  |c 24 cm. 
490 1 |a Lecture notes in mathematics (Springer-Verlag)  |v ; 1555 
504 |a Includes bibliographical references (p. [380]-385) and index 
650 0 0 |a Differential equations, Partial. 
650 0 0 |a Microlocal analysis. 
650 0 0 |a Singularities (Mathematics) 
830 0 |a Lecture notes in mathematics (Springer-Verlag)  |v ; 1555 
852 |a INST  |b SAMOS  |e 19960705  |h 515.353 LIE  |p 005300005340  |q 005300005340  |t BK  |y 0 
909 |a Σ  |b 039227